000 01318nam a22003374a 4500
001 ebr10114103
003 CaPaEBR
006 m u
007 cr cn|||||||||
008 040914s2005 njua sb 001 0 eng
010 _z 2004059336
020 _z0471544485 (cloth)
040 _aCaPaEBR
_cCaPaEBR
035 _a(OCoLC)57351790
050 1 4 _aQA76.76.E95
_bC68 2005eb
082 0 4 _a006.3
_222
100 1 _aCook, Diane J.,
_d1963-
245 1 0 _aSmart environments
_h[electronic resource] :
_btechnologies, protocols, and applications /
_cDiane J. Cook and Sajal K. Das.
260 _aHoboken, NJ :
_bJohn Wiley,
_c2005.
300 _axvii, 404 p. :
_bill.
500 _a"A Wiley-Interscience publication."
504 _aIncludes bibliographical references and index.
533 _aElectronic reproduction.
_bPalo Alto, Calif. :
_cebrary,
_d2013.
_nAvailable via World Wide Web.
_nAccess may be limited to ebrary affiliated libraries.
650 0 _aExpert systems (Computer science)
650 0 _aArtificial intelligence.
650 0 _aIntelligent buildings.
655 7 _aElectronic books.
_2local
700 1 _aDas, Sajal K.
710 2 _aebrary, Inc.
856 4 0 _uhttp://site.ebrary.com/lib/rucke/Doc?id=10114103
_zAn electronic book accessible through the World Wide Web; click to view
999 _c209801
_d209801